000 00922nam a2200253Ia 4500
003 OSt
005 20221005112542.0
006 a|||||r|||| 00| 0
007 ta
008 221004b |||||||| |||| 00| 0 pan d
020 _c350
024 _a17310
037 _b928, 27/03/2015, H.K. Prakashan
_cTextual
040 _aCRL
_cCRL
_bpan
041 _2pan
_apan
082 _aO153,3:g, Q1
100 _aਰਵੀ ਰਵਿੰਦਰ
245 0 _aਬਲਦੇਵ ਸਿੰਘ ਧਾਲੀਵਾਲ ਦਾ ਕਹਾਣੀ ਬਿਰਤਾਂਤ
_b ਯਥਾਰਥ ਅਤੇ ਕਾਮਨਾ ਦਾ ਸੰਵਾਦ
260 _aਚੰਡੀਗੜ
_bਲੋਕਗੀਤ ਭਾਰਤ
_c2011
300 _a256ਪੰ
_ccm.
650 _aਪੰਜਾਬੀ ਸਾਹਿਤ
942 _hO153,3:g, Q1
_cTEXL
_2cc
999 _c1025226
_d1025226